000 00662nam a2200193Ia 4500
003 GCL
008 140319s9999 xx 000 0 ara d
040 _aGCL /
_cGCL
082 0 4 _aق
_b962.043
_bا م
100 1 _aاحمد حمروش
245 1 0 _aمصر والسودان :
_bكفاح مشترك /
_cاحمد حمروش
260 _aالقاهرة :
_bدار الهلال للطباعة والنشر ،
_c1970
300 _a251 ؛
_c24 سم
490 _a
650 0 4 _aالحكم المصرى البريطانى
650 0 4 _aالاستعمار البريطانى
650 0 4 _aالسودان - تاريخ - العصر الحديث
942 _2ddc
_cBK
999 _c45999
_d45999